00553nam a2200205Ia 4500003000900000008004100009040001300050040001300063041000800076100001900084245002800103250001000131260002100141260000900162300001100171300001000182490003600192490000600228600011300234IT-RoPAU120407s9999 xx 000 0 und d aIT-RoPAU cIT-RoPAU aita aBenhard Haring aIl cristiano e il mondo aRoma  aEdizioni Paoline c1969 a131 p. c18 cm aPunti scottanti di teologia, 29 v1 a"Tit. orig.: Zusage an die Welt. Trad. C. Mariani I. Cristianesimo, Sec. XX I - Mariani, Claudio. 230. "